[Event "Zuerich Kortschnoj-A"]
[Site "Zuerich"]
[Date "2001.04.28"]
[Round "1"]
[White "Unzicker, Wolfgang"]
[Black "Pelletier, Yannick"]
[Result "1-0"]
[WhiteElo "2432"]
[BlackElo "2531"]
[Annotator "Ftacnik,L"]
[PlyCount "71"]
[EventDate "2001.04.28"]
[EventType "tourn"]
[EventRounds "5"]
[EventCountry "SUI"]
[EventCategory "14"]
[SourceTitle "CBM 083"]
[Source "ChessBase"]
[SourceDate "2001.07.05"]
[SourceVersion "1"]
[SourceVersionDate "2001.07.05"]
[SourceQuality "1"]

1. e4 c5 2. Nf3 d6 3. d4 cxd4 4. Nxd4 Nf6 5. Nc3 a6 6. Be2 e6 7. O-O Be7 8. f4
O-O 9. Kh1 Qc7 10. a4 Nc6 11. Be3 Re8 12. Bf3 Rb8 13. Qe1 Nxd4 14. Bxd4 e5 15.
Ba7 Ra8 16. Be3 exf4 17. Bxf4 Be6 18. e5 $1 dxe5 (18... Nd7 19. Nd5 Bxd5 20.
Bxd5 Nxe5 (20... dxe5 21. Bxe5 Bf6 22. Bxc7 {1-0 Baumstark,G-Grosch,M/
Balatonfured/1987/ (22)}) 21. Bxe5 Bf6 (21... dxe5 22. Bxf7+ {1-0 Marjanovic,
S-Gostisa,L/Bled/1989/ (22)}) 22. Qc3 {1-0 Cabrilo,G-Magerramov,E/Trnava 1981/
(22)}) 19. Bxe5 Qb6 20. Qg3 g6 21. a5 Qb4 {[%mdl 4] Black's position is
already rather difficult, white bishops control the whole board and b7 pawn is
vulnerable.} (21... Qa7 22. Na4 Bf5 23. Nb6 Rad8 24. Qf4 Nd7 25. Bc7 {1-0
Marjanovic,S-Tringov,G/Barcelona/1980/ (40)}) 22. Ra4 Qxb2 (22... Qc5 23. Bxb7
Nh5 24. Qe1 $18) 23. Nd5 Qb5 24. Nxe7+ (24. Nxf6+ $2 Bxf6 25. Bxf6 Qxf1#) 24...
Rxe7 25. Raa1 Nd5 $2 {A rare exception, when centralization of the knight is
false and modest retreat 25...Ne8 would offer chances for equality.} (25... Ne8
26. Rfb1 Qc4 27. Bxb7 Ra7 28. Bf3 Bd5 $11) 26. Qh4 $1 Rae8 (26... f6 27. c4 g5
28. Qe4 Qd7 29. Bb2 $18) 27. c4 $18 Qc6 (27... Qb4 28. Rfb1 Qc5 29. cxd5 $18)
28. Rfd1 (28. Bf6 $1 Qd6 29. cxd5 $18) 28... Qc5 29. cxd5 Bg4 30. Bd4 Qb4 31.
Bxg4 (31. Qxg4 Re1+ 32. Rxe1 Rxe1+ 33. Rxe1 Qxe1+ 34. Bg1 $18) 31... Re4 32.
Qf6 Rxd4 33. Qxd4 {Even the "loss" of the queen is not able to spoil utterly
winning position.} (33. Rf1 Rf8 34. Rab1 $18) 33... Re1+ 34. Rxe1 Qxd4 35. Bf3
h5 36. Rad1 (36. Rad1 Qa4 37. d6 Qd7 38. Re7 Qd8 39. d7 $18) 1-0

[Event "Pamplona 0102"]
[Site "Pamplona"]
[Date "2002.01.01"]
[Round "5"]
[White "Almasi, Zoltan"]
[Black "De la Riva Aguado, Oscar"]
[Result "1-0"]
[WhiteElo "2630"]
[BlackElo "2495"]
[Annotator "Ftacnik,L"]
[PlyCount "63"]
[EventDate "2001.12.27"]
[EventType "tourn"]
[EventRounds "9"]
[EventCountry "ESP"]
[EventCategory "14"]
[SourceTitle "CBM 087"]
[Source "ChessBase"]
[SourceDate "2002.03.21"]
[SourceVersion "1"]
[SourceVersionDate "2002.03.21"]
[SourceQuality "1"]

1. e4 c5 2. Nf3 Nc6 3. d4 cxd4 4. Nxd4 Qc7 5. Nc3 e6 6. Be2 a6 7. O-O Nf6 8.
Be3 Be7 9. f4 d6 10. Kh1 O-O 11. a4 Nxd4 12. Qxd4 e5 13. Qd3 exf4 14. Bxf4 Be6
15. Qg3 Rad8 16. Rad1 Qb6 $6 {This unfortunate move will enable white to
improve his dark squared bishop to the perfectly centralized location for free!
} (16... Kh8 $5) 17. Be3 Qc7 (17... Qxb2 18. Bd4 (18. Bh6 Ne8 19. Rb1 Qa3 20.
Nd5 Qxg3 21. Nxe7+ Kh8 22. hxg3 gxh6 23. Rxb7 Rd7 24. Rxd7 Bxd7 25. a5 $16)
18... Kh8 19. Qd3 Qa3 20. Ra1 Qb4 21. Rfb1 Qa5 22. Rxb7 Rd7 23. Qxa6 $16) 18.
Bd4 Ne8 (18... Kh8 19. Bd3 Rfe8 $14) 19. Bd3 g6 (19... Qa5 $5 20. b3 (20. Qe3
Bg5 21. Qf2 Qb4 $11) 20... Qh5 21. Be2 Qh4 22. Nd5 Bxd5 23. Qxh4 Bxh4 24. exd5
$14) 20. Qe3 $1 Rc8 21. Nd5 Bxd5 (21... Qd8 22. Nxe7+ Qxe7 23. a5 $16) 22. exd5
Qd8 23. Qh3 f5 (23... Bf6 24. Bb6 $1 Nc7 25. b3 Bg7 26. c4 $16) 24. g4 $1 {
[%mdl 128] With bishops pair and perfectly developed pieces white has no
reason to wait with opening up the position.} Bf6 (24... fxg4 25. Qxg4 Ng7 26.
Rxf8+ Bxf8 27. Bb6 Qe8 28. Rf1 $16) 25. gxf5 g5 (25... Bxd4 26. fxg6 Rxf1+ (
26... Nf6 27. Rxf6 Rxf6 28. Qxh7+ Kf8 29. g7+ $18) 27. Rxf1 Nf6 28. Rxf6 Qxf6
29. Qxc8+ Kg7 30. Qxb7+ Kf8 31. Qc8+ Kg7 32. Qd7+ Kf8 33. Qh3 hxg6 34. c3 $18)
26. Be3 Ng7 (26... Nc7 27. Qg2 h6 28. c4 $16) 27. Bxg5 $1 {With logical moves
white is breaking up the last defensive set up.} Bxg5 28. f6 Rxf6 29. Qxh7+ Kf8
30. Bg6 Rxf1+ 31. Rxf1+ Bf6 32. Re1 1-0

[Event "Bundesliga 0405"]
[Site "Germany"]
[Date "2005.03.13"]
[Round "13.3"]
[White "Polzin, Rainer"]
[Black "Gabriel, Christian"]
[Result "1-0"]
[WhiteElo "2517"]
[BlackElo "2556"]
[Annotator "Ftacnik,L"]
[PlyCount "77"]
[EventDate "2004.11.12"]
[EventType "team-tourn"]
[EventRounds "15"]
[EventCountry "GER"]
[SourceTitle "CBM 106"]
[Source "ChessBase"]
[SourceDate "2005.06.06"]
[SourceVersion "1"]
[SourceVersionDate "2005.06.06"]
[SourceQuality "1"]
[WhiteTeam "Neukoelln"]
[BlackTeam "Solingen"]
[WhiteTeamCountry "GER"]
[BlackTeamCountry "GER"]

1. e4 c5 2. Nf3 e6 3. d4 cxd4 4. Nxd4 a6 5. Nc3 Qc7 6. Be2 Nc6 7. O-O Nf6 8.
Be3 d6 9. a4 Be7 10. f4 O-O 11. Kh1 Rd8 12. Qe1 Nxd4 13. Bxd4 e5 14. Bg1 exf4
15. a5 Rf8 {Gabriel decides to defend the f7 pawn, but the rook had more
prospects along the e file.} (15... Re8 16. Bb6 Qb8 17. Bd3 Be6 18. Rxf4 Nd7
19. Bd4 Ne5 20. Qg3 Bf8 21. Raf1 g6 22. h4 Bg7 23. h5 Qc7 24. Nd5 Bxd5 25. exd5
Rf8 26. b4 {1-0 Sherzer,A-Stone,R/Chicago 1992/ (35)}) 16. Bb6 (16. Rxf4 Be6
17. Bd4 Nd7 18. Nd5 Bxd5 19. exd5 Rae8 20. Qg3 g6 21. Bd3 Ne5 22. b4 Qd8 23.
Bb6 Qd7 24. c4 {1-0 Klovans,J-Brodsky,M/Berlin 1993/ (47)}) 16... Qb8 17. Bd3
Be6 (17... g5 18. Nd5 Nxd5 19. exd5 Re8 20. Qe2 Bd7 21. Qh5 f5 22. h4 $16) 18.
Nd5 Bd8 (18... Bxd5 19. exd5 Re8 (19... Nxd5 20. Qe4 Nf6 21. Qxe7 Re8 22. Qc7
$18) 20. Qh4 Qc8 21. Rae1 $16) 19. Bd4 (19. Rxf4 Nxd5 20. exd5 Bxd5 21. Bd4 $14
) 19... Nd7 $6 {For good or bad it was probably better to accept the pawn
sacrifice on d5.} (19... Nxd5 20. exd5 Bxd5 21. Rxf4 g6 22. c4 Be6 23. Rf3 $14)
(19... Bxd5 20. exd5 Re8 21. Qh4 h6 22. Qxf4 $16) 20. Rxf4 Ne5 21. Qg3 g6 (
21... Qc8 22. c4 $16) 22. Nb6 (22. c4 b6 23. axb6 Bxd5 24. exd5 Bxb6 25. Bc3
$16) 22... Bxb6 (22... Ra7 23. Raf1 Nc6 24. Bc3 $16) 23. axb6 Qd8 (23... Nxd3
24. Qxd3 Qc8 25. Rf6 $16) 24. Raf1 f6 (24... Nxd3 $2 25. cxd3 Rc8 26. Bf6 Qxb6
27. Qg5 $18) 25. c4 (25. b3 Qe7 26. c4 $16) 25... Qe7 (25... Bxc4 26. Bxc4+
Nxc4 27. Rxf6 Rxf6 28. Rxf6 Qe8 29. Qh4 $14) 26. Be2 (26. b3 $1) 26... Rf7 {
The players are exchanging inaccuracies, black should have taken a good look
at the white pawn c4.} (26... Bxc4 $5 27. Bxc4+ Nxc4 28. Qb3 (28. Bxf6 Qe6 29.
Qf2 Rf7 $11) 28... Rac8 29. Bxf6 Qe6 30. Bd4 Rxf4 31. Rxf4 d5 32. exd5 Qxd5 $11
) 27. Rc1 Rc8 28. b3 Kh8 29. Rff1 Rc6 (29... Re8 30. Rcd1 Bd7 31. Bc3 Bc6 32.
Bb4 $16) 30. c5 $6 {Polzin is eager for some action and he forces
clarification in the center. As a consequence he might have lost the whole
advantage.} (30. Rcd1) 30... dxc5 (30... Nd7 31. b4 $16) 31. Bxe5 fxe5 32.
Qxe5+ Kg8 $6 (32... Rg7 $1 33. Bxa6 (33. b4 c4 34. Qc3 $13) 33... Bg8 (33...
bxa6 $2 34. b7 $1 Qxb7 35. Rf8+ Bg8 36. Rxg8+ Kxg8 37. Qe8#) 34. Qxe7 Rxe7 35.
Bb5 Rxb6 36. Rxc5 Rxe4 $11) 33. Rxf7 Qxf7 34. Rf1 Qg7 $2 {Gabriel is not
defending the best way and will suffer a painful defeat.} (34... Qe7 35. Bc4
Qd6 36. Qxd6 Rxd6 37. e5 Rxb6 38. Rf6 $16) (34... Qd7 35. Bc4 Bxc4 36. bxc4 $14
) 35. Rf6 Qd7 36. h3 Bf7 (36... Bxh3 $2 37. Bc4+ $18) 37. Rxc6 Qxc6 38. Qb8+
Be8 (38... Kg7 39. Qc7 Qxe4 40. Bc4 $18) 39. Bxa6 $1 (39. Bxa6 $1 bxa6 40. b7
Qd7 41. e5 Qf7 42. e6 Qxe6 43. Qg3 $18) 1-0

[Event "Bundesliga 0405"]
[Site "Germany"]
[Date "2005.01.29"]
[Round "8.2"]
[White "Movsesian, Sergei"]
[Black "Ftacnik, Lubomir"]
[Result "1-0"]
[WhiteElo "2629"]
[BlackElo "2533"]
[Annotator "Ftacnik,L"]
[PlyCount "73"]
[EventDate "2004.11.12"]
[EventType "team-tourn"]
[EventRounds "15"]
[EventCountry "GER"]
[SourceTitle "CBM 106"]
[Source "ChessBase"]
[SourceDate "2005.06.06"]
[SourceVersion "1"]
[SourceVersionDate "2005.06.06"]
[SourceQuality "1"]
[WhiteTeam "Baden Oos"]
[BlackTeam "Hamburger SK"]
[WhiteTeamCountry "GER"]
[BlackTeamCountry "GER"]

{[%mdl 1]} 1. e4 c5 2. Nf3 d6 3. d4 cxd4 4. Nxd4 Nf6 5. Nc3 a6 6. Be2 Nc6 7.
O-O e6 8. Be3 Be7 9. f4 Qc7 10. a4 O-O 11. Kh1 Re8 12. Bd3 Bd7 13. Qf3 e5 $6 {
Black opens up the position in unsuitable moment as the pressure along the f
file will be very unpleasant.} (13... Nb4 14. a5 e5 15. fxe5 dxe5 16. Nf5 Bxf5
17. Qxf5 Nxd3 18. cxd3 Bb4 19. Bh6 Qd7 $11 {Novikov-Smirin/1989/}) 14. Nxc6 (
14. fxe5 Nxe5 15. Qg3 Nh5 16. Qf2 Nf6 17. h3 Be6 18. Nf5 Bxf5 19. Qxf5 Qd7 20.
Qf2 Rac8 21. Bd4 Qe6 22. Ne2 Nh5 {0-1 Sznapik,A-Enhbat,T/Novi Sad 1990/ (61)})
14... Bxc6 (14... bxc6 15. fxe5 dxe5 16. Bc4 Qc8 $14) 15. fxe5 dxe5 16. g4 $1
Rf8 (16... h6 $2 17. h4 Rf8 18. g5 hxg5 19. hxg5 Nh7 20. Qh5 $16) 17. g5 Ne8
18. Bc4 $1 Nd6 19. Nd5 Qd8 (19... Bxd5 20. Bxd5 Qxc2 21. g6 $1 hxg6 22. Rg1
Qxb2 23. Raf1 $1 Rac8 (23... Kh7 24. Qh3+ Kg8 25. Rxg6 Ne8 26. Rh6) 24. Rxg6
Rfd8 25. Bxf7+ $18) 20. Bb6 Qe8 $2 {It was much better to play the daring move
20...Qd7! as white would have been more challenged to find the best way how to
continue his attack.} (20... Qd7 $1 21. Rad1 $1 (21. Nxe7+ $6 Qxe7 22. Bc5 Rad8
23. Qg4 (23. Rad1 $2 Bxe4 24. Qxe4 Nxe4 25. Bxe7 Rxd1 $19) 23... Qd7 $17) 21...
Bxg5 22. Rg1 Nxc4 $1 23. Rxg5 (23. Nf6+ Bxf6 24. Rxd7 Nxb6 25. Rd3 (25. Qxf6
Bxe4+ 26. Rg2 Bxg2+ 27. Kxg2 gxf6 $19) 25... Kh8 $17) 23... Qe6 24. Bc5 (24.
Rdg1 g6 $13) 24... f6 $13) 21. Bc5 $1 Rc8 (21... Nxc4 22. Nxe7+ Kh8 23. Nxc6
Qxc6 (23... Nd2 24. Qd3 Qxc6 25. Bxf8 Nxf1 26. Ba3 $18) 24. Bxf8 Rxf8 25. Rf2
$16) 22. b4 (22. Nxe7+ $6 Qxe7 23. Bxd6 Qxd6 24. Bxf7+ Kh8 25. g6 Qd4 26. Rae1
Qxb2 $13) 22... b6 23. Bxd6 Bxd5 $2 {This completely gives up the control over
light squares and consequences will be dire.} (23... Bxd6 24. Nxb6 (24. g6 hxg6
25. Rg1 Qe6 26. Nxb6 Qf5 $1 $17) (24. Bxa6 Bxd5 (24... Ra8 25. Bc4 Rxa4 26.
Rxa4 Bxa4 27. g6 hxg6 28. Qg3 Be7 29. b5 Qd8 30. Ra1 Bxc2 31. Qg2 $16) 25. Bxc8
Bc4 26. Rfd1 Bxb4 27. Bf5 $16) 24... Rb8 25. Nd5 (25. a5 Bxb4 26. g6 hxg6 27.
Rg1 Bxa5 28. Nd5 $1 (28. Rxg6 Bxb6 29. Rxg7+ Kxg7 30. Qg4+ $11) 28... Bd8 29.
Rxg6 $18) 25... Bxd5 26. Bxd5 Rxb4 27. g6 $1 hxg6 28. Rg1 Rxa4 29. Raf1 $18)
24. Bxd5 Bxd6 25. g6 $1 Kh8 $8 (25... hxg6 26. Rg1 Rxc2 27. Rxg6 Bxb4 28. Rxg7+
Kxg7 29. Rg1+ $18) 26. gxf7 Qd8 27. c3 Rc7 28. Rad1 Qc8 29. Rd3 Be7 30. Qh5 $1
{[%mdl 64] Movsesian begins very nice final attack, that radically speeds up
the decision.} Rxc3 31. Be6 Qxe6 (31... Qc6 32. Rxc3 Qxc3 33. Bf5 $18) 32. Rxc3
g6 (32... Bxb4 33. Rh3 (33. Rc7 Qd6 34. Ra7 Qd3 35. Qf5 $16) 33... h6 34. Qf5
Qc4 35. Rhf3 $18) 33. Rc6 $1 {The point of the whole combination, due to the
mating threats black has to opt for the hopeless endgame.} Rxf7 (33... Qxc6 34.
Qxe5+ Bf6 35. Rxf6 $18) 34. Rxe6 Rxf1+ 35. Kg2 gxh5 36. Kxf1 Bxb4 37. Rxb6 1-0

[Event "Linklater Memorial"]
[Site "San Francisco"]
[Date "2001.03.02"]
[Round "5"]
[White "Shahade, Gregory P"]
[Black "Shulman, Yuri"]
[Result "1/2-1/2"]
[WhiteElo "2456"]
[BlackElo "2543"]
[Annotator "Ftacnik,L"]
[PlyCount "85"]
[EventDate "2001.02.26"]
[EventType "tourn"]
[EventRounds "10"]
[EventCountry "USA"]
[EventCategory "8"]
[SourceTitle "CBM 082"]
[Source "ChessBase"]
[SourceDate "2001.05.17"]
[SourceVersion "1"]
[SourceVersionDate "2001.05.17"]
[SourceQuality "1"]

1. e4 c5 2. Nf3 e6 3. d4 cxd4 4. Nxd4 Nc6 5. Nc3 Qc7 6. Be2 Nf6 7. O-O Be7 8.
Be3 O-O 9. f4 d6 10. Kh1 a6 11. a4 Rd8 12. Qe1 Nxd4 13. Bxd4 e5 14. Bg1 exf4
15. a5 Qc6 (15... Re8 16. Bb6 Qc6 17. Bf3 (17. Rxf4 Be6 18. Qg3 Nd7 19. Bd4 Ne5
20. Bd3 (20. Raf1 Bf8 21. h4 (21. R4f2 Qc7 22. Bxe5 dxe5 23. Nd5 Bxd5 24. exd5
Qxa5 25. Bh5 Kh8 26. Bxf7 {1-0 Rosenberger,F-Daum,H/Koblenz/1993/ (46)}) (21.
Bd3 g6 22. Nd5 Bxd5 23. exd5 Qc7 24. Rxf7 Qxf7 25. Rxf7 Kxf7 26. h4 {1-0
Goloshchapov,A-Boensch,U/Meisdorf/1996/ (54)}) 21... Ng6 22. R4f3 Ne5 23. R3f2
g6 24. h5 {1-0 Klundt,K-Weber,M/Germany/1990/ (32)}) 20... Bf8 21. Nd5 Bxd5 22.
exd5 Qd7 23. c4 (23. Raf1 g6 24. c4 Bg7 25. h3 Rac8 26. b3 {1/2-1/2 Marjanovic,
S-Velikov,P/Skara/1980/ (32)}) 23... g6 24. Bc2 Qe7 25. Qc3 Rec8 26. b3 {
1-0 Arnason,J-Karolyi,T/Groningen/1980/ (36)}) 17... Qc4 18. Qd2 Be6 19. b3 {
1/2-1/2 Jansa,V-Pokojowczyk,J/Polanica Zdroj/1979/ (19)}) 16. Rxf4 Be6 17. Bd4
Nd7 (17... Kh8 18. Qg3 Rd7 19. Bf3 Qc4 20. Rd1 $16) 18. Nd5 $1 Re8 (18... Bxd5
19. exd5 Qxd5 20. Bf3 Qe6 21. Bxb7 $16) (18... Bf8 19. c4 $16) 19. Ra3 $2 {
Excellent idea of the rook transfer to the kingside, but the tactics is not
quite working for white.} (19. Qg3 Ne5 20. c4 $16) 19... Bxd5 20. exd5 Qxc2 (
20... Qxd5 21. c4 (21. Bf3 Qg5 22. Rg4 Bf6 $15) 21... Qe6 22. Re3 Ne5 23. Bh5
g6 24. Qg3 $14) 21. Rc3 Qg6 $2 {[%mdl 64] Black misses or misanalyses 21...
Bh4! that would pretty much refute white's idea.} (21... Bh4 $1 22. Qxh4 (22.
Rxc2 Bxe1 23. Rc7 Rxe2 24. Rxd7 Rf8 25. Rxb7 Bxa5 $15) (22. Rxf7 Qxe2 23. Rxg7+
Kf8 24. Qxe2 Rxe2 25. Rf3+ Bf6 (25... Nf6 26. Rxh7 $16) 26. Rxd7 Ke8 27. Rxf6
Re1+ 28. Bg1 Kxd7 $17) 22... Qxe2 23. h3 Ne5 $15) 22. Rg4 Bg5 23. h4 h6 (23...
f6 24. hxg5 Qh5+ 25. Qh4 Qxh4+ 26. Rxh4 Rxe2 27. gxf6 Nxf6 28. Bxf6 gxf6 29.
Rc7 Rxb2 30. Rhxh7 $14) 24. hxg5 (24. Qd1 $1 Rxe2 (24... f5 25. Rgg3 f4 26. Rg4
Ne5 (26... Qh5 27. Rh3 Rxe2 28. Qxe2 Re8 29. Qf3 Re1+ 30. Kh2 Qg6 31. hxg5 hxg5
32. Qxf4 $18) 27. Bxe5 Rxe5 28. hxg5 hxg5 29. Bf3 $16) 25. Qxe2 Nf6 26. Bxf6
Qb1+ 27. Kh2 Bxf6 28. Re3 $14) 24... Qh5+ 25. Qh4 (25. Kg1 $2 Qxg4 26. Bxg4
Rxe1+ 27. Kf2 Re4 28. Bxd7 Rxd4 $19) (25. Rh4 Qxe2 (25... Rxe2 26. Qg3 Qxg5 27.
Bxg7 Kxg7 28. Rg4 Re5 29. Rxg5+ hxg5 $13) 26. Qxe2 Rxe2) 25... Qxh4+ 26. Rxh4
Rxe2 27. gxh6 Ne5 28. hxg7 $6 {Finding the best line between many tempting
candidates was not easy, but now black at least can breath freely with his
king.} (28. Rg3 $1 g6 29. Rb3 g5 (29... Rb8 30. Rb6 $18) 30. h7+ Kh8 31. Rh6
Rb8 32. Bc3 Kg7 33. Rxb7 Kxh6 34. Rxb8 Kxh7 35. Rb6 Ng4 36. Rxd6 $16) (28. h7+
Kh8 29. Rc7 Rd2 (29... Ng6 30. Rg4 Ne5 31. Bxe5 Rxe5 32. Rxf7 Rxd5 33. Rgxg7
Rxa5 34. Rxb7 $16) 30. Rxb7 f5 31. Bxe5 dxe5 32. Rd7 Rxb2 33. Re7 Rd8 $14)
28... Kxg7 29. Rc7 Kg6 30. Rxb7 Rc8 31. Bxe5 (31. Bc3 Kg5 32. Ra4 Rc5 33. Rd4
f5 $14) 31... dxe5 32. b4 (32. Rb6+ Kg5 33. Rh7 f5 34. Rxa6 Rxb2 $132) 32...
Rd2 33. Rb6+ Kg5 34. Rh7 f5 35. d6 f4 $1 (35... Kf4 36. d7 Rc1+ 37. Kh2 Rdd1
38. Rh4+ Kg5 39. Rhh6 f4 $11) 36. d7 Rc1+ 37. Kh2 Rdd1 38. Rg7+ (38. d8=Q+ Rxd8
39. Rhh6 Rdd1 $17) 38... Kf5 (38... Kh5 $2 39. g4+ fxg3+ 40. Kxg3 $18) 39. Rf7+
Ke4 40. Kh3 Rc3+ 41. Kh2 (41. Kh4 $2 Rg3 $19) 41... Rcc1 42. Kh3 Rc3+ 43. Kh2
1/2-1/2

[Event "Bundesliga 0405"]
[Site "Germany"]
[Date "2005.04.10"]
[Round "15.4"]
[White "Berndt, Stephan"]
[Black "Wahls, Matthias"]
[Result "0-1"]
[WhiteElo "2438"]
[BlackElo "2551"]
[Annotator "Ftacnik,L"]
[PlyCount "76"]
[EventDate "2004.11.12"]
[EventType "team-tourn"]
[EventRounds "15"]
[EventCountry "GER"]
[SourceTitle "CBM 107"]
[Source "ChessBase"]
[SourceDate "2005.08.01"]
[SourceVersion "1"]
[SourceVersionDate "2005.08.01"]
[SourceQuality "1"]
[WhiteTeam "Neukoelln"]
[BlackTeam "Hamburger SK"]
[WhiteTeamCountry "GER"]
[BlackTeamCountry "GER"]

1. e4 c5 2. Nf3 e6 3. d4 cxd4 4. Nxd4 a6 5. Nc3 Qc7 6. Be2 Nf6 7. O-O d6 8. a4
b6 9. f4 Bb7 10. Bf3 Nbd7 11. Kh1 Be7 12. Qe2 O-O 13. g4 Nb8 (13... Nc5 14. g5
Nfd7 15. Bd2 g6 16. Qg2 Rfe8 17. b4 e5 18. Nf5 gxf5 19. bxc5 Nxc5 20. exf5 e4
21. Bh5 {1-0 De Wit,J-De Firmian,N/London 1982/ (34)}) (13... Rfd8 14. g5 Ne8
15. f5 e5 16. Nd5 Bxd5 17. exd5 exd4 18. Qxe7 Ne5 19. Qxc7 Nxc7 20. Bg2 Nc4 21.
b3 Ne3 22. Bxe3 dxe3 23. Rae1 {1-0 Karolyi,T-Orso,M/Budapest 1979/ (59)}) (
13... Rfc8 14. g5 Ne8 15. Be3 e5 16. fxe5 dxe5 17. Nf5 Bb4 18. Rad1 Nf8 19. Nd5
Bxd5 20. exd5 Bd6 21. Be4 Qb7 {0-1 Helbich,J-Janos,J/Slovakia 2003/ (69)}) 14.
g5 Nfd7 15. Be3 Nc6 (15... Re8 16. Bg2 Nf8 17. Rf2 Nbd7 18. Raf1 e5 19. Nf5
exf4 20. Bxf4 {1-0 Jakovenko,D-Panditrao,K/Dos Hermanas 2004/ (34)}) 16. Nb3
Rfe8 {The players have reached fairly standard Scheveningen position, in which
white has already advanced his g pawn in order to attack black's king.} 17. Bg2
Bf8 18. Rad1 (18. Qh5 g6 19. Qh4 Bg7 20. Rad1 f5 $11) 18... g6 19. Qf2 Rab8 {
Wahls is an experienced grandmaster and he decides to play actively with b6-b5
advance.} (19... Rad8 20. Rd2 Bg7 21. Rfd1 Nc5 $11) 20. Bc1 (20. Rd2 Ba8 21.
Qh4 b5 22. axb5 axb5 23. Rfd1 b4 24. Ne2 Nb6 $132) 20... Ba8 21. Rd3 b5 22.
axb5 axb5 23. Rh3 b4 24. Nd1 (24. Qh4 h5 25. Nd1 Bg7 $11) 24... f5 $1 {[%mdl
256] Black does everything right in order to slow down opponent's attacking
progress.} 25. exf5 (25. Qh4 Nc5 26. Nxc5 dxc5 27. Nf2 Nd4 $11) (25. gxf6 Nxf6
26. Qh4 Bg7 $11) 25... gxf5 26. Ne3 (26. Qh4 Re7 27. g6 hxg6 28. Qh8+ Kf7 29.
Rh7+ Ke8 30. Be3 $15) 26... Bg7 27. Rd1 (27. Qd2 Rbd8 28. Rd1 Nf8 $15) 27...
Nf8 (27... Ne7 $1 28. Bxa8 Rxa8 29. Qd2 Nc5 30. Nxc5 dxc5 $15) 28. Nf1 $6 {
Berndt has decided to send this knight to h5 square, but it takes a long time.}
(28. Nc4 $5 d5 29. Ncd2 Ng6 30. Nf1 $11) 28... Ne7 29. Rhd3 (29. Nd4 Rec8 30.
Be3 Bxg2+ 31. Qxg2 e5 $17) 29... Bxg2+ 30. Qxg2 Red8 (30... Rb6 31. Nd4 Bxd4
32. Rxd4 Nfg6 $15) 31. Ng3 Rbc8 32. R1d2 Nfg6 33. Nh5 (33. Re2 Re8 (33... Bxb2
34. Bxb2 Nxf4 35. Qf3 Nxe2 36. Qxe2 e5 37. Rd2 $15) (33... Qc4 34. Qf3 e5 $15)
34. Rxe6 Bxb2 35. Be3 Red8 $17) 33... Bh8 34. Re2 Kf7 35. Nd4 $2 {Wahls has
managed to build up very solid but flexible structure that white finds
impossible to break. In time trouble Berndt misses the great tactical shot and
goes down in style.} (35. Qh3 Qb7+ 36. Kg1 Nd5 37. Nd4 (37. Nf6 Bxf6 38. Qxh7+
Bg7 39. Rxe6 Nh4 40. Qxh4 Kxe6 $19) 37... Bxd4+ 38. Rxd4 Qa7 39. Be3 Qa2 $15)
35... Bxd4 $1 36. Rxd4 Nh4 37. Qh3 (37. Qf2 Qc6+ 38. Kg1 Nf3+ 39. Kf1 Nxd4 40.
Qxd4 Qh1+ 41. Kf2 e5 $19) 37... Qc6+ 38. Kg1 Nf3+ (38... Nf3+ 39. Kf2 Nxd4 40.
Nf6 Rh8 $19) 0-1